00626 2200205 4500001002100000005001700021008004100038020002200079035002400101082001000125090002000135100002000155245009700175260002700272300003100299504001600330650003300346700001800379999002300397YOGYA-0511000000091620110512090359.0 ind  a978-979-29-1721-5 0010-051100000000915 a507.6 aDep 507.6 Kam B aKAMALUDIN, Agus aBuku saku sakti UAN SMA IPA (kimia, matematika, fisika)cAgus Kamaludin:editor Westriningsih aYogyakartabAndic2010 aviii, 432 hlmbilusc14 cm ahlm 431-432 aSains - Studi dan pengajaran aWestriningsih aCB-D.11 2010- 1633